000
00283nam a22001337a 4500
008
170310b xxu||||| |||| 00| 0 eng d
020
_a
1889342041
041
_a
eng
080
_a
616-002.77
100
_a
7
101
_a
SHM
245
_a
RHEUMATOLOGY
_c
PETER, J.B
942
_2
udc
_c
BK
999
_c
7457
_d
7457